000 00630nam a2200241 a 4500
001 0001-1080
003 ELIB.Books
008 150114 2010 eng
020 _a9780199735709
035 _a(ELIB.Books)0001-1235
092 _a225.6
_bJoh
100 _aJohnson, Luke Timothy.
245 _aThe New Testament:
_bA Very Short Introduction
260 _aOxford
_bUniversity Press
_c2010
300 _a146
_c17.3 Cm
500 _aC/o Moe Lwai
650 _aNew Testament
856 _nKBTS; Library
_uKBTS; Elib.
942 _2ddc
_cBK
990 _a1
998 _cbat
_e2015-01-14
999 _c11080
_d11080